Radio regulations additional radio regulations additional protocol : (Record no. 183161)
[ view plain ]
| 000 -LEADER | |
|---|---|
| fixed length control field | 01154 a2200181 4500 |
| 003 - CONTROL NUMBER IDENTIFIER | |
| control field | Nust |
| 005 - DATE AND TIME OF LATEST TRANSACTION | |
| control field | 20221220103707.0 |
| 040 ## - CATALOGING SOURCE | |
| Transcribing agency | Nust |
| 082 ## - DEWEY DECIMAL CLASSIFICATION NUMBER | |
| Classification number | 621.384,RAD |
| 100 ## - MAIN ENTRY--PERSONAL NAME | |
| Personal name | The administrative radio conference |
| 9 (RLIN) | 105293 |
| 245 ## - TITLE STATEMENT | |
| Title | Radio regulations additional radio regulations additional protocol : |
| Remainder of title | resolutions and recommendations / |
| 260 ## - PUBLICATION, DISTRIBUTION, ETC. | |
| Place of publication, distribution, etc. | The administrative radio conference |
| Name of publisher, distributor, etc. | Geneva |
| Date of publication, distribution, etc. | 1959 |
| 300 ## - PHYSICAL DESCRIPTION | |
| Extent | 600 p |
| Other physical details | illus |
| Dimensions | 29 cm |
| 505 ## - FORMATTED CONTENTS NOTE | |
| Formatted contents note | Terminology (Page 1-1), Frequencies (Page 2-1), Notification and Registration of Frequencies. International Frequency Registration Board (Page 3-1), Measures Against Interference (Page 4-1), Administrative Provisions for Stations (Page 5-1), Personnel of Mobile Service Stations (Page 6-1), Working Condition in the Mobile Services (Page 7-1), Distress, Alarm, Urgency and Safety (Page 8-1), Radio telegrams and Radiotelephone Calls (Page 9-1), Miscellaneous Stations and Services (Page 10-1). |
| 600 ## - SUBJECT ADDED ENTRY--PERSONAL NAME | |
| Personal name | The administrative radio conference |
| 9 (RLIN) | 105293 |
| 650 ## - SUBJECT ADDED ENTRY--TOPICAL TERM | |
| Topical term or geographic name entry element | Radio regulations additional radio regulations additional protocol resolutions and recommendations |
| 9 (RLIN) | 105294 |
| 942 ## - ADDED ENTRY ELEMENTS (KOHA) | |
| Source of classification or shelving scheme | |
| Koha item type | Book |
| Withdrawn status | Lost status | Source of classification or shelving scheme | Damaged status | Not for loan | Permanent Location | Current Location | Shelving location | Date acquired | Full call number | Barcode | Date last seen | Price effective from | Koha item type | Public note |
|---|---|---|---|---|---|---|---|---|---|---|---|---|---|---|
| Military College of Signals (MCS) | Military College of Signals (MCS) | General Stacks | 12/12/2016 | 621.384,RAD | MCS6646 | 12/08/2016 | 12/12/2016 | Book | Almirah No.38, Shelf No.3 |
